[Event "COL-ch U2000"]
[Site "Moniquira"]
[Date "2019.07.22"]
[Round "6"]
[White "Coy Herran, Alfonso"]
[Black "Galindo, Jorge"]
[Result "1-0"]
[WhiteElo "1887"]
[BlackElo "1847"]
[PlyCount "43"]
[EventDate "2018.07.19"]
[EventType "swiss"]
[EventRounds "7"]
[EventCountry "COL"]
[SourceTitle "EXT 2021"]
[Source "ChessBase"]
[SourceDate "2020.10.23"]
[SourceVersion "1"]
[SourceVersionDate "2020.10.23"]
[SourceQuality "1"]

1. c4 c6 2. d4 Nf6 3. Nc3 d5 4. e3 Qc7 5. Nf3 Bg4 6. h3 Bd7 7. Bd3 g6 8. 0-0 Bg7 9. e4 dxe4 10. Nxe4 0-0 11. Be3 Na6 12. Qd2 Nxe4 13. Bxe4 f5 14. Bf4 Qb6 15. Bc2 Rad8 16. Bh6 Qb4 17. Qe3 Rf6 18. c5 Be6 19. Bg5 f4 20. Qe2 Bc4 21. Bb3 Qxb3 22. Qxe7 1-0